00320 a2200109 4500001000700000020000600007040001100013100002200024240008000046245007500126362000900201166284 a  cMagnum aHoffmann, Jussara10aAvaliacao mediadora: uma pratica em construcao da pre-escola a univer.lpor10aAvaliacao mediadora: uma pratica em construcao da pre-escola a univer.0 a1899